000
00381nam a2200133Ia 4500
008
151001s9999||||xx |||||||||||||| ||und||
100
_a
मान चंद खंडेला
245
_a
महिला और बदलता सामाजिक परिवेश
250
_a
1
260
_b
अविष्कार
260
_c
2008
300
_a
210
365
_b
21
999
_c
999157
_d
999154